01365nam a2200277 i 4500001001000000003001000010005001700020007000300037008004100040020001500081040004700096041000800143082002100151100003000172245011300202264004700315264001200362300002700374336002700401337003300428338002800461505041200489650004700901700003600948773010300984768714001CO-MdFUSB20220802154731.0ta220802t1989 -us |||| |||| 00| 0 eng d a0884192598 aCO-MdFUSBbspacCO-MdFUSBdCO-MdFUSBCerda aeng 223a261.8bC7334 aComiskey, Andrew, eautor1 aPursuing sexual wholeness : bhow Jesus heals the homosexualc/ Andrew Comiskey ; prólogo por Leanne Payne 1aEstados Unidos :bCharisma House, c[1989] 4c© 1989 a206 páginasc; 21 cm 2rdacontentatextobtxt 2rdamediaasin mediaciónbn 2rdacarrieravolumenbnc aMi historia. -- Una comprensión bíblica de la sexualidad. -- Encontrar el mayor deseo. -- Jesús, el agente de libertad de Dios. -- Cediendo a una Lealtad Superior. -- La fuerza que entrega. -- Esperanza para la integridad de género. -- Haciendo las paces con nuestros padres. -- El vuelo hacia la adicción. -- Liberados para amar... El don de la herida. -- Convertirse en parte de la solución.  72embneaHomosexualidadxAspectos religiosos aPayne, Leanne. ‎eprologuista0 037165aComiskey, Andrewbdo13086tPursuing sexual wholeness w(CO-MdFUSB)768714001xz0884192601